00253nam a22001097a 4500008004100000020001500041041000800056080000800064100000700072101000800079245005600087180111b xxu||||| |||| 00| 0 eng d a0915145928 aeng a101 a24 aFIL aThree Treatises on the Nature of SciencecWalzer, R